Harry Potter and the Goblet of Fire (Record no. 12758)

MARC details
000 -LEADER
fixed length control field 00260nam a22000977a 4500
008 - FIXED-LENGTH DATA ELEMENTS--GENERAL INFORMATION
fixed length control field 250428b |||||||| |||| 00| 0 eng d
020 ## - INTERNATIONAL STANDARD BOOK NUMBER
International Standard Book Number 9781408855683
100 ## - MAIN ENTRY--PERSONAL NAME
Personal name Rowling J.K
245 ## - TITLE STATEMENT
Title Harry Potter and the Goblet of Fire
260 ## - PUBLICATION, DISTRIBUTION, ETC. (IMPRINT)
Place of publication, distribution, etc. London
Name of publisher, distributor, etc. Bloomsberry
Date of publication, distribution, etc. 2014
Holdings
Withdrawn status Lost status Source of classification or shelving scheme Damaged status Koha normalized classification for sorting Not for loan Home library Current library Shelving location Date acquired Total Checkouts Full call number Barcode Date last seen Date last checked out Price effective from Koha item type
    Dewey Decimal Classification   ROW_823_000000000000000   Good Samaritan School Library Good Samaritan School Library FICTION 04/28/2025 7 ROW823 ROW18085 07/29/2025 07/28/2025 04/28/2025 BOOK

Powered by Koha